000 00823nam a2200241Ia 4500
008 100315s9999 xx 000 0 und d
020 _a1557759502 
040 _cENGLISH 
082 _b10163 
_a330 
100 _a"Itam, Samuel, Cueva, simon, Lundback, Erik "
245 _aDevelopments and Challenges in the Caribean Region
260 _aWASHINGTON 
_bInternational Monetary Fund  
_c2000 
300 _a59 
365 _eRupees 
_d
_b0.00 
366 _f
505 _gVaibhav Gaikwad 
530 _bDonated By RBI Library  
620 _a"Developments and Challenges in the Caribean Region, Economic, RBI Book "
630 _aDevelopments and Challenges in the Caribean Region
650 _aECONOMIC 
730 _aDevelopments and Challenges in the Caribean Region
942 _cBOOK
999 _c484897
_d484894